Propuesta para un proyecto de normas internacionales de información financiera para PYMES

Guardado en:
Detalles Bibliográficos
Autor principal: Cincotta, Juan Carlos
Formato: Desconocido
Aporte de:Registro referencial: Solicitar el recurso aquí
LEADER 00380 a2200109 4500
001 ART_7342
005 20260410161554.0
008 260409a
245 1 0 |a Propuesta para un proyecto de normas internacionales de información financiera para PYMES 
100 1 |a Cincotta, Juan Carlos 
773 0 |t Profesional & Empresaria  |g - AÑO IX, Nº 97 (oct. 2007)  |w REV70 
999 |c 9085  |d 9085